| 000 | 00457nam a22001697a 4500 | ||
|---|---|---|---|
| 003 | MPLRDC | ||
| 005 | 20220104114034.0 | ||
| 008 | 210129b ||||| |||| 00| 0 eng d | ||
| 082 | _a855 ZSM v.7 | ||
| 100 | _a张晓风等著 | ||
| 245 |
_a枫叶青青: 中国当代名家散文大展 _c |
||
| 260 |
_a _b将门文物出版有限公司 _c1990 |
||
| 300 | _b平 | ||
| 490 | _a真善美书系 | ||
| 650 | _a散文;随笔、日记 | ||
| 942 |
_cBK _o855 ZSM v.7 |
||
| 999 |
_c4323 _d4313 |
||